000 00593nam a2200241Ia 4500
003 OSt
005 20220924152246.0
006 a|||||r|||| 00| 0
007 ta
008 220923b |||||||| |||| 00| 0 mar d
020 _c2.50
024 _a341723
037 _cTextual
040 _aARTS
_cARTS
_bmar
041 _2mar
_amar
082 _aO155,6N12x, J7
100 _aShirwadkar
_9226251
245 0 _aAhe ani nahin
260 _c1957
650 _aMARATHI LITERATURE
_938000
942 _hO155,6N12x, J7
_cTEXL
_2CC
999 _c469272
_d469272